000 00730nam a22002297a 4500
005 20190228155106.0
008 130821s1991 mx gr spa
020 _a9684265433 (2a.Ed.)
020 _a9684265433 (1a.Ed.)
040 _aCo-BoUCM
_bspa
_c[Nuevo]
_d[Nuevo]
041 0 0 _aspa
060 _aWS 107
_bJ39n 1a. ed
100 1 _aJasso Gutiérrez, Luis
_988851
245 1 3 _aEl niño down mitos y realidades
_cLuis Jasso Gutiérrez
250 _a1a. ed
260 _aMéxico D.F. (México)
_bEditorial manual moderno
_c1991
300 _a232páginas
650 0 4 _aPediatría
_921221
650 0 4 _aSíndrome de Down
_924458
650 0 4 _aTerapia ocupacional
_925382
942 _cLIBRO
_a26
_e1
_mJ39N
_2NLM
_hWS 107
_n0
999 _c83633
_d83633